Normal view
MARC view
- Domkundwar V.M.
Entry Personal Name
001 - CONTROL NUMBER
- control field: 1379
003 - CONTROL NUMBER IDENTIFIER
- control field: OSt
005 - DATE AND TIME OF LATEST TRANSACTION
- control field: 20160831120600.0
008 - FIXED-LENGTH DATA ELEMENTS
- fixed length control field: 160831|| aca||aabn | a|a d
040 ## - CATALOGING SOURCE
- Original cataloging agency: OSt
- Transcribing agency: OSt
100 ## - HEADING--PERSONAL NAME
- Personal name: Domkundwar V.M.
670 ## - SOURCE DATA FOUND
- Source citation: Work cat.: (OSt): Arora 1378, Domkundwar,Anand V., 2005
